Départements : fausse lettre (click quiz) - Statistiques

Statistiques générales
  • Ce quiz a été pris 52 fois
    47 depuis la dernière actualisation
  • Le résultat moyen est 32 sur 43
Statistiques - réponses
Hint Réponse % Correct
Dard Gard
98%
Char Cher
95%
Santal Cantal
78%
Ibère Isère
78%
Dura Jura
78%
Poire Loire
78%
Morelle Moselle
78%
Mièvre Nièvre
78%
Pin Ain
75%
Doues Doubs
75%
Euro Eure
75%
Saute-Boire Haute-Loire
75%
Sauts-di-Reine Hauts-de-Seine
75%
Bandes Landes
75%
Poiret Loiret
75%
Noir-en-Chef Loir-et-Cher
75%
Dot Lot
75%
Morne Marne
75%
Fayotte Mayotte
75%
Meule Meuse
75%
Mord Nord
75%
Tas-le-Balais Pas-de-Calais
75%
Guy-da-Dôma Puy-de-Dome
75%
Seine-es-Carne Seine-et-Marne
75%
Tomme Somme
75%
Vol-do-Maine Val-de-Marne
75%
Vil-d'Aise Val d'Oise
75%
Ventée Vendée
75%
Bus-rein Bas-Rhin
73%
Ceux-Lèvres Deux-Sèvres
73%
Drame Drôme
73%
Vers Gers
73%
Tanche Manche
73%
Moyenne Mayenne
73%
Bise Oise
73%
Orge Orne
73%
Maris Paris
73%
Ver Var
73%
Sienne Vienne
73%
Faute-Morse Haute-Corse
70%
Cube Aube
65%
Bonne Yonne
60%
Aune Aude
40%
Aucun quiz correspondant
Distribution des résultats
% des personnes avec chaque résultat
Percentile par nombre de réponses
Votre historique - résultats
Vous n’avez pas pris ce quiz depuis la dernière actualisation